00369nam a2200145 a 450000100060000000300090000600800410001504000280005608200160008410000220010024500290012226000450015130000080019665000190020414135CO-ViMGA141112s2004 ck r 000 u spa d aCO-ViMGAbspacCO-ViMGA04aCh 863 H8531 aHuneeus, Cristian10aEl rincon de los niños aSantiago de Chile : bNascimento, c1980 a21014aNOVELA CHILENA